000 00687nam a22002057a 4500
003 OSt
005 20250717030318.0
008 250717b |||||||| |||| 00| 0 eng d
020 _a9781264787296
040 _aDWC-Main Lib
_cOC
082 _aCirc. 620.106 F514f 2024
100 _aFinnemore, E. John
245 _aFluid mechanics:
_bwith civil engineering application/
_cE. John Finnemore
250 _aEleventh edition
260 _aUnited States of America :
_bMcGaw Hill,
_cc2024.
300 _axxiv, 456 pages :
_bsome color (chiefly) ;
_c25cm.
504 _aIncludes appendices and index.
650 _a1. Fluid mechanics.
942 _2ddc
_cBK-CIRC
_eEleventh edition
_kCirc.
_n0
999 _c3731
_d3731